Statistics for Flags of Countries in Euro 2016

Click here to take the quiz!

General Stats

  • This quiz has been taken 127 times
  • The average score is 23 of 24

Answer Stats

Answer% Correct
France
100%
Portugal
100%
Russia
100%
Spain
100%
Croatia
96%
England
96%
Italy
96%
Sweden
96%
Austria
95%
Belgium
95%
Iceland
95%
Poland
95%
Switzerland
95%
Wales
95%
Germany
94%
Ireland
94%
Romania
94%
Turkey
94%
Czech Republic
91%
Slovakia
91%
Ukraine
91%
Albania
90%
Hungary
90%
Northern Ireland
80%

Score Distribution

Percentile by Number Answered

Percent of People with Each Score

Your Score History

You have not taken this quiz